000 00535nam a22001937a 4500
003 KOHA_MİRAKIL
005 20251224151649.0
008 251224b tu ||||| |||| 00| 0 tur d
020 _a9786059427845
040 _aTR-AnABB
_btur
_cTR-AnABB
041 _atur
082 _a300.1
100 1 _aDikeçligil, F. Beylü,
245 1 0 _aOntolojiyi hatırlamak /
_cF. Beylü Dikeçligil
260 _aİstanbul :
_bÇizgi Kitabevi,
_c2017
300 _a155 sayfa ;
_c24 cm
650 0 4 _aVarlık felsefesi
942 _2ddc
_cBK
999 _c9943
_d9943
900 _bGizem YORULMAZ